000 00448nam a22001697a 4500
005 20231121011841.0
008 231120b |||||||| |||| 00| 0 eng d
020 _a0860913163
082 _222
_a305.401
245 _aThe women in question ;
_cParveen Adams, Elizabeth Cowie.
260 _aLondon :
_bVerso ,
_c1990.
300 _avii, 383 p.
650 _aFeminism.
700 _aAdams, Parveen.
_eedt
700 _aCowie, Elizabeth.
_eedt
942 _cL
999 _c44
_d44